History Quiz

Random History or Clickable Quiz

WWI Match-Up Quiz Stats

 Plays Quiz Updated Jun 26, 2015

Challenge
Share
Tweet
Score 0/30 Timer 06:00
10 Plays Today
% Correct
Woodrow
96.8%
Ottoman
96.2%
Mustard
95.2%
Franz
95.1%
Tsar
93.9%
Trench
93.7%
Kaiser
92.5%
Armistice
87.5%
Austria
86.8%
RMS
86.6%
Christmas
86.2%
Lost
86%
Red
85.7%
Sultan
84.6%
Central
82.7%
% Correct
Fourteen
82.3%
October
82.2%
Weimar
78.7%
Flanders
76.6%
Mata
76.4%
Alsace
76.2%
Triple
75.1%
Georges
73.9%
Black
72.6%
Gallipoli
68%
Philippe
67.9%
Zimmermann
64.8%
Victor
63.4%
July
59.7%
Brest
48.2%

You're not logged in!

Compare scores with friends on all Sporcle quizzes.
OR
Log In

You Might Also Like...

Show Comments

Extras

Top Quizzes Today


Score Distribution

Your Account Isn't Verified!

In order to create a playlist on Sporcle, you need to verify the email address you used during registration. Go to your Sporcle Settings to finish the process.

Report this User

Report this user for behavior that violates our Community Guidelines.

Details: